Inselstaaten der Welt - Statistiken

Allgemein
  • Dieses Quiz wurde 164 mal gespielt
  • Das Durchschnittsergebnis liegt bei 42 aus 47
Antwortstatistiken
Hauptstadt Antwort % Korrekt
Santo Domingo Dominikanische Republik
97%
Dublin Irland
97%
Nassau Bahamas
96%
Jakarta Indonesien
96%
Rekjavík Island
96%
Kingston Jamaika
96%
Valletta Malta
96%
London Vereinigtes Königreich
96%
Nikosia Zypern
96%
Tokio Japan
95%
Manila Philippinen
95%
Taipeh Taiwan
95%
Havanna Kuba
94%
São Tomé São Tomé und Príncipe
94%
Port-au-Prince Haiti
93%
Antananarivo Madagaskar
93%
Wellington Neuseeland
93%
Singapur Singapur
93%
Castries St. Lucia
93%
Roseau Dominica
91%
Suva Fidschi
90%
Praia Kap Verde
90%
Malé Malediven
90%
Victoria Seychellen
90%
Colombo & Sri Jayawardenepura Kotte Sri Lanka
89%
Kingstown St. Vincent und die Grenadinen
89%
Port Louis Mauritius
88%
Basseterre St. Kitts und Nevis
88%
Bridgetown Barbados
87%
Ngerulmud Palau
87%
Port Moresby Papua-Neuguinea
87%
Funafuti Tuvalu
87%
Palikir Mikronesien
86%
Yaren Nauru
86%
Port Vila Vanuatu
86%
Moroni Komoren
85%
St. George's Grenada
84%
Apia Samoa
83%
Nukuʻalofa Tonga
83%
Majuro Marshallinseln
81%
Bandar Seri Begawan Brunei
79%
South Tarawa Kiribati
79%
Dili Osttimor
79%
Honiara Salomonen
79%
Manama Bahrain
75%
Port of Spain Trinidad & Tobago
73%
Saint John's Antigua & Barbuda
64%
Keine übereinstimmenden Quizze gefunden
Verteilung der Resultate
Anzahl Personen mit jedem Resultat
Perzentil nach korrekt beantworteten Fragen
Ihre Resultats-Entwicklung
Sie haben dieses Quiz noch nicht gespielt